| 000 | 00390nam a2200169 4500 | ||
|---|---|---|---|
| 001 | 46012 | ||
| 090 | _a46012 | ||
| 100 | _a20260421 pory50 | ||
| 101 | _apor | ||
| 102 | _aPT | ||
| 200 |
_aO Amante _fMarguerite Duras |
||
| 210 |
_a[S.l.] _c(sic) idea y creación editorial _d2008 |
||
| 215 | _a179 p. | ||
| 225 | _aBiblioteca Sábado | ||
| 675 | _a82-31 | ||
| 801 |
_aPT _gRPC |
||
| 990 | _cLIVROS | ||